| 000 | 00852cam a22002532 4500 | ||
|---|---|---|---|
| 001 | 0000005047 | ||
| 005 | 20151217151951.0 | ||
| 008 | 070605s xx 000 0 eng d | ||
| 020 | _a9966410759 : | ||
| 040 |
_aKABU _cKABU |
||
| 050 | 0 |
_aTA170 _b.A35O35 |
|
| 100 | 1 |
_aOkidi, C. O. _@0000150490 |
|
| 245 | 1 | 0 |
_aEnvironmental stress and conflicts in Africa : _bcase studies of drainage basins. |
| 260 |
_aNairobi : _bActs, _c1994. |
||
| 300 | _avi, 39 p. | ||
| 650 | 0 |
_aEnvironmental engineering _zAfrica. _@0000156110 |
|
| 908 | _a070605 | ||
| 950 | _@1 | ||
| 999 |
_c6821 _d6821 |
||